Знаменитые гомосексуалы - Армагеддон - Statistics

General Stats
  • This quiz has been taken 212 times
  • The average score is 3 of 21
Answers on the Grid
Answers color-coded by a green-red scale on the quiz's grid according to % correct below.
Элтон Джон
Фрэнк Оушен
Курт Кобейн
Пётр Ильич Чайковский
Стив Джобс
Оскар Уайльд
Земфира
Борис Моисеев
Дэвид Линч
Майкл Джексон
Иэн Маккеллен
Рассел Кроу
Исаак Ньютон
Стивен Фрай
Иммануил Кант
Джаред Лето
Марго Робби
Элвис Пресли
Винсент ван Гог
Алексей Навальный
Нил Патрик Харрис
Леонардо да Винчи
Тимоти Шаламе
Гай Юлий Цезарь
Борис Гребенщиков
Лесли Нильсен
Джоэл Шумахер
Трент Резнор
Билл Мюррей
Томми Ли Джонс
Джанни Версаче
Сальвадор Дали
Галь Гадот
Саша Барон Коэн
Пирс Броснан
Энтони Хопкинс
Галина Старовойтова
Эд Ширан
Уильям Шекспир
Райан Гослинг
Уэнтуорт Миллер
Тим Кук
Айзек Азимов
Астрид Линдгрен
Том Форд
Билли Херрингтон
Тимур Бекмамбетов
Вуди Аллен
Алан Тьюринг
Чарльз Диккенс
Харви Милк
Клайв Баркер
 
Answer Stats
Answer % Correct
Элтон Джон
76%
Пётр Ильич Чайковский
55%
Земфира
37%
Оскар Уайльд
36%
Фрэнк Оушен
24%
Иэн Маккеллен
8%
Леонардо да Винчи
8%
Тим Кук
8%
Нил Патрик Харрис
7%
Алан Тьюринг
7%
Гай Юлий Цезарь
6%
Джанни Версаче
6%
Исаак Ньютон
5%
Стивен Фрай
5%
Том Форд
5%
Билли Херрингтон
4%
Харви Милк
4%
Джоэл Шумахер
2%
Клайв Баркер
2%
Галина Старовойтова
1%
Уэнтуорт Миллер
1%
No matching quizzes found
Score Distribution
Percent of People with Each Score
Percentile by Number Answered
Your Score History
You have not taken this quiz